| 000 | 00379nam a2200157Ia 4500 | ||
|---|---|---|---|
| 008 | 180921t1980 xxu||||| |||| 00| 0 eng d | ||
| 041 | _aeng | ||
| 080 |
_a5 _bLIF |
||
| 100 | _aCarr, Archie | ||
| 245 | 4 | _aThe reptiles | |
| 260 |
_bTime life book _aHong kong _c1980 |
||
| 300 | _a192p., ill., 27 cm | ||
| 942 | _cBK | ||
| 999 |
_c13457 _d13457 |
||
| 003 | LK-CoDNM | ||
| 040 |
_aLK-CoDNM _dLK-CoDNM _eLK-CoDNM |
||